000 00594nam a22001817a 4500
005 20110209123142.0
020 _a8181462475
_c70.00
020 _a9788181462473
_c70.00
037 _bPUB
100 _aBhal, Ashwini
_925787
245 _aThe neverending story /
_cby Ashwini Bhat
260 _aChennai
_bTulika Publishers
_c2006
270 _a13 Prithvi Avenue, Abhiramapuram,
_bChennai
_e 600018
300 _aUnpaged
_c20cm (pbk)
_bcol. ill.
942 _2ddc
_cCH
_mBHA
999 _c50387
_d50387